000 00715cam a2200217 a 4500
001 4946146
005 20180131090146.0
008 960911s1997 iauab s001 0 eng
010 _a 96043802
020 _a0813815045 (acidfree paper)
040 _aDLC
_cDLC
_dDLC
041 _aeng
080 _a631.4 MIL
082 0 0 _a631.4 MIL
_220
100 1 _a9
101 _aMJE
245 1 0 _aSoil science simplified /
_cMilo I. Harpstead, Thomas J. Sauer, William F. Bennett ; illustrated by Mary C. Bratz.
906 _a7
_bcbc
_corignew
_d1
_eocip
_f19
_gy-gencatlg
942 _2ddc
_cBK
999 _c41410
_d41410